Challenges in implementing de-vulcanized rubber compounds (DRC) into the rubber industry (Record no. 55297)

MARC details
000 -LEADER
fixed length control field 00468nam a2200121Ia 4500
100 ## - MAIN ENTRY--AUTHOR NAME
Personal name Zamir R
245 #0 - TITLE STATEMENT
Title Challenges in implementing de-vulcanized rubber compounds (DRC) into the rubber industry
260 ## - PUBLICATION, DISTRIBUTION, ETC. (IMPRINT)
Name of publisher India Rubber Expo & Tyre Show 2013. Conference & Workshop Abstracts, 22-24 January 2013, Mumbai, India. pp. 116-121.
650 ## - SUBJECT ADDED ENTRY--TOPICAL TERM
Topical Term De-vulcanized rubber compounds
650 ## - SUBJECT ADDED ENTRY--TOPICAL TERM
Topical Term Rubber industry
942 ## - ADDED ENTRY ELEMENTS (KOHA)
Koha item type Journals
Holdings
Withdrawn status Lost status Damaged status Not for loan Home library Current library Shelving location Date acquired Koha item type
      Journals RRII Library RRII Library Rubber technology 01/01/2016 Journals